Digitale Revolution und ihr Einfluss auf gesellschaftliche Werte diplomová práca

Gespeichert in:
Bibliographische Detailangaben
1. Verfasser: Kobáková, Klára
Körperschaft: Fakulta aplikovaných jazykov EU v Bratislave. Katedra jazykovedy a translatológie
Weitere Verfasser: Széherová, Eva
Format: Buch
Sprache:Deutsch
Veröffentlicht: Bratislava 2016
Tags: Tag hinzufügen
Keine Tags, Fügen Sie das erste Tag hinzu!

MARC

LEADER 00000nbm a2200000 4500
001 0217421
005 20170306152208.6
041 0 |a ger 
044 |a SK 
245 1 0 |a Digitale Revolution und ihr Einfluss auf gesellschaftliche Werte  |b diplomová práca  |c Klára Kobáková ; školiteľ: Eva Széherová 
264 1 |a Bratislava  |c 2016 
300 |a 113 s. 
100 1 |a Kobáková, Klára 
700 1 |a Széherová, Eva 
710 2 |a Fakulta aplikovaných jazykov EU v Bratislave. Katedra jazykovedy a translatológie